BSOP header

1 Kings / (Record no. 5401)

MARC details
000 -LEADER
fixed length control field 00530nam a2200157 4500
008 - FIXED-LENGTH DATA ELEMENTS--GENERAL INFORMATION
fixed length control field 011214s1996 mnu 0 engta
020 ## - INTERNATIONAL STANDARD BOOK NUMBER
International Standard Book Number 0814650449
090 ## - LOCALLY ASSIGNED LC-TYPE CALL NUMBER (OCLC); LOCAL CALL NUMBER (OCLC)
Classification number (OCLC) (R) ; Classification number, CALL (RLIN) (NR) BS1151.2
Local cutter number (OCLC) ; Book number/undivided call number, CALL (RLIN) B45c
-- IKing
100 1# - MAIN ENTRY--PERSONAL NAME
Personal name Walsh, Jerome T.
245 10 - TITLE STATEMENT
Title 1 Kings /
Statement of responsibility, etc Jerome T. Walsh.
260 ## - PUBLICATION, DISTRIBUTION, ETC. (IMPRINT)
Place of publication, distribution, etc Minnesota :
Name of publisher, distributor, etc Liturgical Press,
Date of publication, distribution, etc c1996.
300 ## - PHYSICAL DESCRIPTION
Extent xxi, 392 p.
490 1# - SERIES STATEMENT
Series statement Berit Olam : studies in Hebrew narrative and poetry
650 #4 - SUBJECT ADDED ENTRY--TOPICAL TERM
Topical term or geographic name as entry element Bible. O.T. Kings, 1st
General subdivision Commentaries.
951 ## - EQUIVALENCE OR CROSS-REFERENCE-GEOGRAPHIC NAME/AREA NAME [OBSOLETE] [CAN/MARC only]
-- 20683
-- BS1151.2/B45c/IKing
-- 070613111027906
-- 2000-12-21
-- REF
Holdings
Withdrawn status Lost status Damaged status Not for loan Home library Current library Shelving location Date acquired Accession number Shelving control number Total Checkouts Full call number Date last seen Price effective from Koha item type
        BSOP Library BSOP Library Reference 12/21/2000 20683 127   BS1151.2/B45c/IKing 02/23/2013 02/23/2013 Books
BSOP

Biblical Seminary of the Philippines
  All rights Reserved
  © 2024

CONTACT INFORMATION

Biblical Seminary of the Philippines,
  77-B Karuhatan Road, Valenzuela City,
  PHILIPPINES 1441
  Phone: +632 8292-6795 / 8292-6798
  Fax : +632 8292-6675
  Email: library@bsop.edu.ph